[Event "3rd CNE NED-ch Men Rapid 2017"]
[Site "Amstelveen"]
[Date "2017.12.03"]
[Round "1"]
[White "Giri, Anish"]
[Black "Van den Doel, Erik"]
[Result "1-0"]
[WhiteElo "2752"]
[BlackElo "2589"]
[Annotator "TA"]
[PlyCount "139"]
[EventDate "2017.??.??"]
[EventType "tourn"]
[EventCountry "NED"]
[SourceTitle "playchess.com"]
[Source "ChessBase"]
[SourceQuality "1"]

{[%evp 15,139,5,8,-10,-10,-8,0,-53,0,0,0,12,4,10,11,12,8,3,4,4,13,15,12,0,11,0,0,0,0,0,0,0,0,0,0,0,0,0,0,0,0,0,0,0,0,0,0,0,11,0,33,33,33,0,33,0,33,0,0,0,0,0,0,0,0,0,0,0,0,0,0,0,0,0,0,0,0,0,0,0,0,0,0,0,0,0,8,8,8,8,30,0,58,0,0,0,0,0,845,0,0,0,611,602,1530,1031,1441,1430,1170,1089,1036,1059,1028,1006,929,863,846,792,29975,29975,29975,29976,1977,1722,29984,29985]} 1. Nf3 d5 2. g3 Bg4 3. Bg2 Nd7 4. O-O e6 5. h3 Bh5 (5... Bxf3 6. Bxf3 c6 7. d3 Bc5 8. d4 Bb6 9. c4 f5 10. Qb3 Bxd4 11. Qxb7 Ne7 12. cxd5 cxd5 {½-½ (34) Sethuraman,S (2617)-Vallejo Pons,F (2716) Douglas 2017}) 6. d3 {A07: Réti Opening: New York and Capablanca Systems} Bd6 7. Nbd2 Ne7 8. e4 O-O {LiveBook: 6 Games} 9. b3 c5 10. Bb2 Nc6 11. Re1 $146 (11. exd5 $11 exd5 12. Qc1) ({Predecessor:} 11. exd5 exd5 12. Re1 {0-1 (36) Krant,R (2325)-Shabalov,A (2525) New York 1992}) 11... a5 (11... d4 $15) 12. a4 Be5 13. Bxe5 Ndxe5 14. exd5 Nxf3+ 15. Nxf3 exd5 16. g4 Bg6 17. Ne5 Qd6 18. Nxc6 bxc6 19. Qe2 Rab8 20. Qe7 Qxe7 21. Rxe7 Rfe8 $1 {[%cal Re8e7]} 22. Ra7 (22. Rxe8+ {keeps more tension.} Rxe8 23. f4 f6 24. Kf2 Kf8 25. Re1) 22... Ra8 $1 {[%cal Ra8a7]} 23. Rxa8 (23. Rd7 {looks sharper.} Rad8 24. Rxd8 Rxd8 25. f4 f6 26. Rc1) 23... Rxa8 $11 {[%mdl 4096] Endgame KRB-KRB} 24. Re1 Kf8 $1 25. f4 {Strongly threatening f5.} f6 26. Kf2 Re8 27. Rg1 Ke7 28. h4 {[%cal Bh3h4,Bh4h5,Bh5h6][%mdl 32]} Kd6 29. Bf3 Bf7 30. g5 f5 31. h5 Re7 32. Rh1 Be8 33. h6 g6 34. Be2 Bf7 35. Rh3 Re8 36. Rf3 d4 37. Ke1 Bd5 38. Rg3 Re7 39. Kd2 Re8 40. Bd1 Re7 41. Be2 Re8 42. Bf1 Re7 43. Bh3 Re8 44. Bf1 Re7 45. Be2 Re8 46. Bd1 Re7 47. Rg1 Re8 48. Re1 Rxe1 49. Kxe1 {KB-KB} Ke7 50. Kd2 Kd6 51. Kc1 Kc7 52. Kb2 Kb6 53. c3 Kc7 (53... dxc3+ $11 54. Kxc3 Kc7) 54. Ka3 (54. c4 $1 $14 Bf7 55. Bf3) 54... dxc3 {aiming for ...Be6.} 55. Ka2 $1 {[#]} c2 $1 {[%mdl 512]} 56. Bxc2 Bf3 $2 {[%mdl 8192] [#]} (56... Kd6 $11) 57. Kb2 $2 (57. d4 $1 $18 {[%mdl 512]} c4 {[#]} (57... cxd4 58. Bxf5) 58. Bxf5 $1 {[%mdl 512]} (58. bxc4 Bh5 $16) 58... cxb3+ 59. Kb2) 57... Kd6 58. d4 Bg4 $2 {[%mdl 8192]} (58... Bd5 $11) 59. Kc3 $18 Kd5 60. dxc5 Kxc5 61. Bd3 Kd5 62. b4 axb4+ 63. Kxb4 Kd4 64. Bc4 c5+ 65. Kb5 Bf3 66. a5 {[%cal Ba4a5,Ba5a6,Ba6a7][%mdl 32]} Bg2 67. a6 Bf3 68. a7 Bg2 69. Bg8 Bf3 70. Bxh7 {Precision: White = 63%, Black = 54%.} 1-0

[Event "3rd CNE NED-ch Men Rapid 2017"]
[Site "Amstelveen"]
[Date "2017.12.03"]
[Round "1"]
[White "Van Foreest, Jorden"]
[Black "Van Wely, Loek"]
[Result "1-0"]
[WhiteElo "2629"]
[BlackElo "2657"]
[Annotator "TA"]
[PlyCount "77"]
[EventDate "2017.??.??"]
[EventType "tourn"]
[EventCountry "NED"]
[SourceTitle "playchess.com"]
[Source "ChessBase"]
[SourceQuality "1"]

{[%evp 18,77,22,23,26,16,29,23,20,24,30,21,33,26,46,29,47,30,39,37,30,23,22,24,27,0,1,-13,-14,-12,-4,-26,13,-27,105,120,217,227,299,305,601,602,580,578,588,578,972,973,958,963,925,885,29991,29992,29992,29993,29993,29978,29994,29995,29995,29996]} 1. e4 c5 2. Nf3 e6 3. g3 Nc6 4. Bg2 Nf6 5. Qe2 d5 6. exd5 {B40: Sicilian: 2...e6, Unusual lines} Nxd5 7. O-O Be7 8. Rd1 Nd4 9. Nxd4 cxd4 10. c4 {LiveBook: 6 Games} Nb4 {...d3 is the strong threat.} 11. d3 Nc6 12. b3 O-O 13. Ba3 a5 14. Bxe7 Qxe7 15. Nd2 a4 16. Nf3 Rd8 17. Ne5 Bd7 18. Nxd7 Rxd7 19. bxa4 Rxa4 20. Rdb1 Nb4 21. h4 h6 22. Qd2 Na6 23. Rb5 Nc5 24. Rd1 f5 25. Qe1 Kh7 (25... Ra6 $1 $11 {keeps the balance.}) 26. Qe5 $36 {[%mdl 2048] White is really pushing.} Na6 {[#]} (26... Rc7 $16 {might work better.}) 27. Re1 $1 $18 Nb4 28. Bh3 ({But not} 28. Qxe6 $6 Qxe6 29. Rxe6 Rf7 $18) 28... Qf7 $2 (28... g6 29. h5 (29. Qxe6 Qxe6 30. Rxe6 Nxd3 $18) 29... Nxd3 30. hxg6+ Kg8 31. Qxe6+ Qxe6 32. Rxe6 Rc7) 29. Qxe6 Qxe6 30. Rxe6 g6 {[#]} 31. h5 $1 {[%mdl 512]} Nxd3 (31... gxh5 32. Bxf5+) 32. Rxg6 Rf7 33. Bxf5 Nc1 34. Re5 {Threatening mate with Rg5+.} Rxa2 35. Rg5+ {White mates.} Rxf5 36. Re7+ Kh8 37. Rxf5 {[%cal Rf5f8]} Kg8 38. Re8+ Kg7 39. Ref8 {Precision: White = 70%, Black = 40%.} 1-0

[Event "3rd CNE NED-ch Men Rapid 2017"]
[Site "Amstelveen"]
[Date "2017.12.03"]
[Round "1"]
[White "Smeets, Jan"]
[Black "Bok, Benjamin"]
[Result "1/2-1/2"]
[WhiteElo "2608"]
[BlackElo "2601"]
[Annotator "TA"]
[PlyCount "136"]
[EventDate "2017.??.??"]
[EventType "tourn"]
[EventCountry "NED"]
[SourceTitle "playchess.com"]
[Source "ChessBase"]
[SourceQuality "1"]

{[%evp 27,136,0,0,-27,6,0,17,11,16,0,0,0,-14,0,0,-41,9,0,5,7,4,6,17,18,25,0,0,0,0,0,0,0,8,0,0,0,0,0,0,0,0,0,14,10,8,8,15,0,0,0,8,8,9,8,8,8,31,8,26,17,13,18,40,40,40,14,20,15,15,18,28,22,24,0,19,8,40,0,8,0,7,0,209,0,137,0,0,0,0,0,0,0,0,0,8,0,0,0,0,0,0,0,0,0,0,0,0,0,0,0,0]} 1. e4 e5 2. Nf3 Nc6 3. Bb5 Nf6 4. O-O Nxe4 5. d4 Nd6 6. Bxc6 dxc6 7. dxe5 Nf5 8. Qxd8+ Kxd8 9. h3 Bd7 10. Nc3 b6 {C67: Ruy Lopez: Berlin Defence: 4 0-0 Nxe4} (10... Kc8 11. g4 Ne7 12. Kg2 h6 13. Be3 b6 14. Rad1 c5 15. Kg3 Bc6 16. Nh4 g5 17. Nf5 Ng6 18. f4 gxf4+ 19. Bxf4 {1-0 (52) Bacrot,E (2708)-Nakamura,H (2785) Paris 2017}) 11. Bf4 Kc8 12. Rad1 Be7 13. g4 Nh4 14. Nxh4 Bxh4 {[#] LiveBook: 3 Games} 15. Ne4 $146 ({Predecessor:} 15. Kg2 h5 16. f3 Be6 17. Ne4 a5 18. b3 {1-0 (40) Smeets,J (2598)-L'Ami,E (2605) Amstelveen 2016}) 15... c5 16. Bg3 Bc6 17. Rfe1 Be7 18. f4 Kb7 19. Kf2 Rad8 20. Ke3 h5 21. Rxd8 (21. f5 {is interesting.} Rxd1 22. Rxd1 hxg4 23. hxg4 Rh3 24. Kf4) 21... Bxd8 (21... Rxd8 {with more complications.} 22. gxh5 Rh8 23. h4 Rxh5 24. c4 a5) 22. c4 hxg4 23. hxg4 Rh3 {...Bxe4 is the strong threat.} 24. Kf2 g6 25. Nf6 Kc8 26. b3 Rh1 27. Rxh1 Bxh1 $11 {[%mdl 4096] Endgame KBB-KBN} 28. Nd5 Kd7 29. Ke3 b5 30. Nc3 bxc4 31. bxc4 Bg2 32. Ne4 Be7 33. f5 gxf5 $1 34. gxf5 Bf1 35. Nd2 Bh3 36. Kf4 Bf8 37. Kg5 Be7+ 38. Kf4 Bf8 39. Bh4 a6 40. Bf6 Bh6+ 41. Bg5 Bf8 42. Ke4 Bg2+ 43. Ke3 Bh3 44. Kf4 Bg2 45. Kg4 a5 46. Be3 a4 47. a3 Bg7 48. Bf4 Bb7 49. Kg5 Bg2 50. Kg4 Bb7 51. Nf1 Be4 52. Ne3 (52. Ng3 $5 {[%cal Rg3e4]} Bd3 53. Nh5 $11) 52... Bf8 53. Bg5 Bb1 54. Kh5 Bg7 $2 {[#]} (54... Bd3 $11 {and Black is okay.}) 55. Bf6 $2 (55. e6+ $1 $18 {[%mdl 512]} fxe6 56. f6) 55... Bf8 {[#]} (55... Bxf6 $11 56. exf6 Be4) 56. Kg5 (56. Bh8 $1 $16) 56... Bd3 {The position is equal.} 57. Kh5 Be2+ 58. Kh4 Bh6 59. Bg5 Bg7 60. Bf4 Bf8 61. Kg3 Be7 62. Kf2 Bd3 63. Ke1 Bh4+ 64. Kd2 Be4 65. Ke2 Be7 66. Kf2 Bh4+ 67. Ke2 Be7 68. Kf2 Bh4+ {Precision: White = 49%, Black = 56%.} 1/2-1/2

[Event "3rd CNE NED-ch Men Rapid 2017"]
[Site "Amstelveen"]
[Date "2017.12.03"]
[Round "1"]
[White "Sokolov, Ivan"]
[Black "Timman, Jan H"]
[Result "1-0"]
[WhiteElo "2589"]
[BlackElo "2562"]
[Annotator "TA"]
[PlyCount "111"]
[EventDate "2017.??.??"]
[EventType "tourn"]
[EventCountry "NED"]
[SourceTitle "playchess.com"]
[Source "ChessBase"]
[SourceQuality "1"]

{[%evp 24,111,18,10,40,0,0,0,21,2,0,0,33,0,58,50,58,34,42,14,67,64,61,67,47,27,55,55,55,55,55,45,81,81,84,84,89,84,79,38,44,39,192,202,187,206,235,235,284,288,302,274,326,0,240,0,300,273,408,406,381,395,443,423,400,406,417,421,409,386,386,360,368,357,368,380,371,371,561,550,475,467,569,558,602,636,631,594,577,566]} 1. d4 Nf6 2. c4 e6 3. Nf3 b6 4. g3 Ba6 5. b3 b5 6. cxb5 Bxb5 7. Nc3 Bb4 8. Bd2 Bc6 9. Bg2 O-O 10. O-O a5 11. Qc2 {E15: Queen's Indian: 4 g3 sidelines, 4 g3 Ba6 and 4 g3 Bb7 early deviations} Bxc3 12. Bxc3 Be4 13. Qd2 {LiveBook: 3 Games. The position is equal.} Nc6 14. Rfc1 a4 $146 ({Predecessor:} 14... Nd5 15. Ne5 Nxc3 16. Qxc3 Bxg2 17. Kxg2 Nxe5 18. dxe5 Ra7 {1-0 (33) Georgiev,K (2585)-Metaxas,P Kavala 1991}) 15. b4 Qb8 16. a3 Qb7 17. Bb2 $1 Na7 18. Bf1 d6 ({Black should play} 18... Bxf3 $11 19. exf3 Nd5) 19. Ne1 $14 {[%cal Bf3e1,Be1g2,Bg2e3,Be3f5][%mdl 32]} Bc6 20. f3 Nd7 21. Ng2 Bb5 (21... f5 $11) 22. d5 {Threatens to win with dxe6.} e5 23. Ne3 Nb6 24. Nf5 f6 25. e4 $40 {[%mdl 128] White has some attack.} Bxf1 26. Kxf1 Rf7 27. Qd3 Rd7 28. Rc2 Nbc8 29. Rac1 Ne7 30. Ne3 Qb5 31. Nc4 c6 32. dxc6 Naxc6 $2 {[#]} (32... Qxc6 $14 33. Ne3 Qb5) 33. Nxe5 $1 $18 Qxd3+ 34. Nxd3 Ne5 35. Bxe5 dxe5 36. Ke2 Rad8 37. Nc5 Ra7 38. Nd3 Rad7 $1 {[%cal Rd7d3]} 39. Nc5 Ra7 $1 40. Ke3 f5 (40... Kf7 $142 41. b5 Nc8) 41. Nd3 fxe4 42. fxe4 Ng6 43. h4 Rad7 44. Nc5 Rd6 45. Rc3 Ra8 46. Nd3 Rad8 47. Nb2 Nf8 48. Rc8 Rxc8 49. Rxc8 {[%mdl 4096] Endgame KRN-KRN} Rg6 50. Kf3 Rf6+ (50... Kf7 $142 51. b5 Rd6) 51. Kg2 {White is clearly winning.} Kf7 52. Rc7+ Ke8 53. Rxg7 Rc6 54. Nxa4 Ra6 55. Nc3 Rxa3 56. Nd5 {Precision: White = 67%, Black = 50%.} 1-0

[Event "3rd CNE NED-ch Men Rapid 2017"]
[Site "Amstelveen"]
[Date "2017.12.03"]
[Round "2"]
[White "Van Wely, Loek"]
[Black "Van den Doel, Erik"]
[Result "1-0"]
[WhiteElo "2657"]
[BlackElo "2589"]
[Annotator "TA"]
[PlyCount "71"]
[EventDate "2017.??.??"]
[EventType "tourn"]
[EventCountry "NED"]
[SourceTitle "playchess.com"]
[Source "ChessBase"]
[SourceQuality "1"]

{[%evp 27,71,4,21,0,7,0,14,0,0,-1,4,-26,0,-48,-54,-72,0,-8,58,60,152,156,220,189,220,203,271,95,92,40,685,693,666,636,1195,1195,1272,1238,1221,1204,1205,1233,1174,1168,1161,1151]} 1. c4 e5 2. Nc3 Nf6 3. Nf3 Nc6 4. g3 d5 5. cxd5 Nxd5 6. Bg2 Nb6 7. O-O Be7 8. a3 O-O 9. b4 Be6 10. d3 f6 11. Bb2 a5 {A29: English Opening: Four Knights Variation with 4 g3} 12. b5 Nd4 13. Nd2 (13. Nxd4 exd4 14. Nb1 Bd5 15. Nd2 c5 16. bxc6 Bxg2 17. Kxg2 bxc6 18. Qb3+ Kh8 19. Rfb1 Rb8 20. Qe6 {½-½ (42) Nepomniachtchi,I (2705)-Fressinet,L (2702) Baku 2015}) 13... Qc8 14. e3 Nf5 {LiveBook: 7 Games} 15. Rc1 a4 16. Qe2 $146 ({Predecessor:} 16. e4 Nd6 17. Nd5 Bxd5 18. exd5 Nxb5 {0-1 (40) Chaillot,A (2109)-Bianchi,G (2155) Chartres 2005}) 16... Nd6 17. Nde4 Nf7 18. f4 Qd7 19. Nf2 exf4 20. gxf4 Nd6 21. Kh1 Ra7 (21... Ra5 $17) 22. Rg1 $11 Rc8 ({Black should play} 22... Ra5 $11) 23. Nce4 $14 {Nc5 is the strong threat.} Nxe4 (23... Ne8 $1 $14) 24. Nxe4 $16 Nd5 (24... Kh8 $16) 25. Nc5 $18 Bxc5 26. Rxc5 b6 {[#]} 27. Rc6 $2 (27. f5 $1 $18 {[%cal Rf5e6][%mdl 512]} Bf7 (27... Bxf5 28. Rxd5) 28. Rxd5 $1 {[%mdl 512]} Bxd5 29. Bxf6 $1 {[%mdl 512]}) 27... Ra5 $16 28. f5 $36 {[%mdl 2048] White is pushing.} ({White should try} 28. Be4 $16 Rxb5 29. Rc2) 28... Bxf5 $2 {[%mdl 8192] [#]} (28... Bf7 $14) 29. Bxd5+ $1 $18 {White is clearly winning.} Qxd5+ 30. e4 Qxb5 31. Rxf6 Bg6 32. Rfxg6 hxg6 33. Rxg6 Qh5 34. Rxg7+ Kf8 35. Qf1+ Ke8 36. Qf6 {Precision: White = 59%, Black = 37%.} 1-0

[Event "3rd CNE NED-ch Men Rapid 2017"]
[Site "Amstelveen"]
[Date "2017.12.03"]
[Round "2"]
[White "Van Foreest, Jorden"]
[Black "Smeets, Jan"]
[Result "0-1"]
[WhiteElo "2629"]
[BlackElo "2608"]
[Annotator "TA"]
[PlyCount "82"]
[EventDate "2017.??.??"]
[EventType "tourn"]
[EventCountry "NED"]
[SourceTitle "playchess.com"]
[Source "ChessBase"]
[SourceQuality "1"]

{[%evp 9,82,-11,0,-5,-6,-10,-8,-47,-7,-3,0,-35,0,-14,-18,-26,-32,-18,-18,-21,28,42,30,17,26,-9,-4,-62,-54,-170,-170,-179,-168,-174,-160,-193,-152,-165,0,0,0,0,0,0,0,0,0,0,0,0,0,0,0,0,0,0,0,0,0,0,0,0,0,0,0,0,0,0,0,0,0,0,0,-6129,-8882]} 1. e4 e5 2. Nf3 Nc6 3. Nc3 Nf6 4. a4 (4. Bb5 Bb4 5. O-O O-O 6. d3 Bxc3 7. bxc3 d6 8. Re1 Bd7 9. d4 Re8 10. Bd3 Bg4 11. d5 Nb8 12. h3 Bxf3 13. Qxf3 Nbd7 14. Rb1 Nc5 15. Be3 Rb8 16. g4 Nfd7 {0-1 (52) Grischuk,A (2750)-Carlsen,M (2832) chess.com INT 2017}) 4... d5 5. Bb5 $146 ({Predecessor:} 5. exd5 Nxd5 6. Bc4 Nxc3 7. bxc3 Be7 8. d3 Bg4 9. O-O {1-0 (29) Salvan,G (1899)-Dupuy,S (1250) Reunion 2007}) 5... Nxe4 6. Nxe5 {C47: Scotch Four Knights and Four Knights with 4 g3} Qf6 {[%csl Ge4][%cal Rf6f2]} 7. Nf3 Be6 8. Qe2 {The position is equal.} Qg6 9. Nh4 $132 {[%mdl 2048] White has counterplay} Qf6 10. Nf3 Qg6 11. Nxe4 dxe4 12. Nh4 Qg4 13. Qxg4 Bxg4 14. f3 Be7 15. fxg4 Bxh4+ 16. g3 Bf6 17. Rf1 h5 18. a5 (18. d4 $11) 18... hxg4 $15 19. a6 (19. Ra4 $15) 19... O-O-O $19 {And now ...Nd4 would win.} 20. axb7+ Kxb7 {Hoping for ...Nd4.} 21. Bxc6+ Kxc6 22. Ra4 Rxh2 {Strongly threatening ...e3!} 23. Rxe4 {[#]} Rd4 $2 {[#]} (23... Bg5 $1 $19 {[%cal Rg5d2]} 24. Re2 Rdh8) 24. Rxf6+ $1 $11 {[%mdl 512]} gxf6 25. Rxd4 {[%mdl 4096] Endgame Rf4 is the strong threat. KRB-KR} Rh1+ 26. Ke2 Rxc1 {KR-KR} 27. c3 f5 28. Rf4 Rg1 29. Rxf5 Rxg3 30. Rf6+ Kb7 31. Rxf7 a5 32. Rg7 Kb6 33. Rg5 Rg1 34. Kd3 g3 35. Kc4 Rg2 36. Kd3 Rg1 37. b3 g2 38. Kc4 Kb7 39. Rg6 Kc8 40. Rg7 Kb7 41. Kb5 $2 {[%mdl 8192] [#]} (41. Rg6 $11) 41... a4 $1 {[%mdl 512] Precision: White = 52%, Black = 78%.} 0-1

[Event "3rd CNE NED-ch Men Rapid 2017"]
[Site "Amstelveen"]
[Date "2017.12.03"]
[Round "2"]
[White "Bok, Benjamin"]
[Black "Sokolov, Ivan"]
[Result "1/2-1/2"]
[WhiteElo "2601"]
[BlackElo "2589"]
[Annotator "TA"]
[PlyCount "115"]
[EventDate "2017.??.??"]
[EventType "tourn"]
[EventCountry "NED"]
[SourceTitle "playchess.com"]
[Source "ChessBase"]
[SourceQuality "1"]

{[%evp 21,115,31,35,47,56,12,27,27,35,0,12,17,35,47,41,36,42,49,36,20,143,51,61,76,162,139,149,142,167,160,165,122,121,75,85,91,80,71,154,141,188,173,254,152,139,111,103,109,138,139,124,56,62,56,62,70,66,25,153,154,158,35,35,35,35,35,35,35,35,35,35,35,35,35,35,35,35,28,35,17,22,17,17,0,0,0,17,17,21,0,22,0,0,0,0,0]} 1. e4 e5 2. Nf3 Nc6 3. Bb5 a6 4. Ba4 Nf6 5. O-O Be7 6. d3 d6 7. c3 O-O 8. Re1 b5 9. Bc2 d5 10. Nbd2 {C84: Spanische Partie (Mittelgambit)} d4 11. h3 (11. a4 Be6 12. Nf1 b4 13. cxd4 Nxd4 14. Nxd4 Qxd4 15. Nd2 c5 16. Nf3 Qd6 17. Be3 Rfd8 {1-0 (50) Vachier Lagrave,M (2796)-Aronian,L (2793) Leuven 2017}) 11... Nd7 {LiveBook: 11 Partien} 12. cxd4 {Weiß steht etwas besser.} exd4 13. a3 Nb6 14. Nf1 a5 {[#]} 15. b3 $146 ({Vorgänger:} 15. Bb3 a4 16. Ba2 b4 17. axb4 Nxb4 {0-1 (61) Chirila,I (2528)-Sokolov,I (2650) Ottawa 2013}) 15... Re8 16. Bb2 Be6 17. Ng3 Bc5 18. Qd2 Qd6 19. Ng5 Bd7 20. f4 Qg6 (20... b4 $11 {hält das Gleichgewicht.} 21. a4 h6) 21. Kh2 (21. Bd1 $1 $16 {[%cal Rd1h5] zielt auf Lh5 ab.} Qh6 22. Rc1) 21... Rad8 22. Bd1 {[%cal Bc2d1,Bd1h5,Bh5f3][%mdl 32] Lh5 ist eine echte Drohung.} Qd6 (22... Qh6 $16 {ist wohl besser.}) 23. Bh5 $18 g6 {Und weiter mit ...b4 wäre nett.} 24. e5 $36 {[%mdl 2048] Schwarz muss aufpassen.} Qf8 25. Bf3 Be7 26. N5e4 Nd5 27. Nf2 Be6 28. Rec1 Nb8 29. Bxd5 Rxd5 (29... Bxd5 $142 30. Bxd4 (30. Rxc7 Na6 $14) 30... Bxb3) 30. Rxc7 $16 Na6 {[#]} 31. Rxe7 $1 Qxe7 (31... Rxe7 $142 32. Nfe4 (32. Qxa5 Nc5 $11) 32... Nc5) 32. Nge4 ({Minderwertig wäre} 32. Qxa5 Nc5 $11) (32. Nfe4 $18 Kg7 33. Nf6 (33. Qxa5 Nc5 $16)) 32... Nc5 33. Nxc5 Rxc5 34. Ne4 Bxb3 {Weiss muss nun ...Tc2 beachten.} 35. Nxc5 ({Finger weg von} 35. Qxa5 $6 Rc2 $14) 35... Qxc5 36. Rc1 (36. Qxa5 $16 Be6 37. Rc1) 36... Qb6 $14 37. Qf2 Rd8 38. f5 gxf5 39. Qxf5 b4 (39... h6 $11) 40. axb4 axb4 41. Rc8 (41. Qg5+ $16 Kf8 {[#]} 42. Rc6 $1 {[%mdl 512]} Qxc6 43. Qxd8+ Qe8 44. Qf6 (44. Qxd4 Qb8 $16)) 41... Rxc8 42. Qxc8+ Kg7 43. Qg4+ Qg6 44. Qxd4 {Weiss droht e6+ und Matt.} Be6 45. Qxb4 {Droht stark La3.} Qxd3 46. Qf4 h6 47. Bc1 Qg6 48. Ba3 Bd5 {[%csl Gd5][%cal Rg6g2]} 49. Qf2 Kh7 50. Be7 Be4 {Die Stellung ist ausgeglichen.} 51. Bf6 Bd5 52. Qd2 Qe4 53. Qf2 Bc6 54. Qg3 {[%csl Gf6][%cal Rg3g7]} Qg6 55. Qf2 Bd5 56. Qb2 Qe4 57. Qd2 Bc6 58. Qf2 {Precision: Weiß = 48%, Schwarz = 45%.} 1/2-1/2

[Event "3rd CNE NED-ch Men Rapid 2017"]
[Site "Amstelveen"]
[Date "2017.12.03"]
[Round "2"]
[White "Timman, Jan H"]
[Black "Giri, Anish"]
[Result "1/2-1/2"]
[WhiteElo "2562"]
[BlackElo "2752"]
[Annotator "TA"]
[PlyCount "43"]
[EventDate "2017.??.??"]
[EventType "tourn"]
[EventCountry "NED"]
[SourceTitle "playchess.com"]
[Source "ChessBase"]
[SourceQuality "1"]

{[%evp 22,43,0,0,0,-32,-34,-35,0,0,0,0,-6,-11,44,44,20,35,45,58,44,0,4,0]} 1. Nf3 c5 2. e4 d6 3. d4 cxd4 4. Nxd4 Nf6 5. Nc3 a6 6. Be3 e5 7. Nf3 Be7 8. Bc4 O-O 9. O-O Nc6 {[%cal Bb8c6,Bc6a5,Ba5c4][%mdl 32]} 10. Qe2 Na5 {B90: Sicilian Najdorf: Unusual White 6th moves, 6 Be3 Ng4 and 6 Be3 e5} 11. Bd5 Be6 (11... Bd7 12. Rfd1 Rc8 13. a4 h6 14. h3 Qc7 15. Nh4 Rfe8 16. Nf5 Bxf5 17. exf5 Nc4 18. Bc1 {1-0 (35) Ponkratov,P (2591)-Saric,I (2662) Mali Losinj 2017}) 12. Rfd1 {LiveBook: 6 Games} Qc7 13. Bxe6 fxe6 14. Ng5 Qc4 $146 ({Predecessor:} 14... Qc8 15. Na4 Nc4 16. b3 b5 17. bxc4 bxa4 18. c5 {½-½ (58) Zart,R (2193)-Bracker,F (2381) Germany 2013}) 15. Qxc4 Nxc4 16. Nxe6 Rfc8 17. Bc1 h6 (17... Na3 $11) 18. Nd5 $1 $14 {[%cal Rd5e7]} Nxd5 19. exd5 Nb6 20. Be3 Nc4 21. Bc1 Nb6 $1 22. Be3 1/2-1/2

[Event "3rd CNE NED-ch Men Rapid 2017"]
[Site "Amstelveen"]
[Date "2017.12.03"]
[Round "3"]
[White "Giri, Anish"]
[Black "Bok, Benjamin"]
[Result "1/2-1/2"]
[WhiteElo "2752"]
[BlackElo "2601"]
[Annotator "TA"]
[PlyCount "99"]
[EventDate "2017.??.??"]
[EventType "tourn"]
[EventCountry "NED"]
[SourceTitle "playchess.com"]
[Source "ChessBase"]
[SourceQuality "1"]

{[%evp 19,99,0,0,0,16,14,15,2,2,2,0,-13,0,-37,0,0,0,0,0,-19,0,0,0,-25,-29,-36,-37,-67,-70,-65,0,0,0,0,0,0,0,0,0,0,0,0,0,0,0,0,0,-8,0,0,0,0,0,0,0,0,0,0,0,0,0,-75,-7,-8,0,0,0,0,0,0,0,0,0,0,0,0,0,0,0,0,0,-6]} 1. e4 e5 2. Nf3 Nc6 3. Bb5 Nf6 4. d3 Bc5 5. Bxc6 dxc6 6. Nbd2 {C65: Ruy Lopez: Berlin Defence (3...Nf6), unusual lines and 4 0-0 Bc5} Be6 7. O-O (7. Qe2 Nd7 8. Nb3 Bb6 9. Ng5 Nf8 10. O-O Bxb3 11. axb3 f6 12. Nf3 Ne6 13. Kh1 Qd7 {0-1 (45) Caruana,F (2802)-Nakamura,H (2786) chess.com INT 2017}) 7... Nd7 8. Nb3 Bb6 9. Ng5 Bxb3 10. axb3 f6 {LiveBook: 16 Games} 11. Nf3 {[%cal Bg5f3,Bf3h4,Bh4f5][%mdl 32]} O-O 12. Nh4 Nc5 13. g3 $146 ({Predecessor:} 13. Kh1 Qd7 {½-½ (30) Kasimdzhanov,R (2676)-Bindrich,F (2598) Douglas 2017}) 13... Qd7 14. Be3 Ne6 15. Nf5 g6 16. Bxb6 (16. Qg4 {is interesting.} Kh8 17. Bxb6 cxb6 18. Ne3 b5 19. b4) 16... axb6 (16... cxb6 {seems wilder.} 17. Qg4 a5 18. Ne3 b5 19. Ra2 Qf7) 17. Rxa8 Rxa8 18. Ne3 b5 19. Kh1 Qd6 20. Qg4 Ng7 21. f4 exf4 22. gxf4 Qd4 23. Qh3 f5 $1 24. exf5 Nxf5 (24... Re8 $15 25. fxg6 Rxe3 26. Qxh7+ Kf8) 25. Nxf5 $11 Qd5+ 26. Kg1 {[#] Threatens to win with Ne7+.} Qxf5 27. Qxf5 gxf5 {[%mdl 4096] Endgame KR-KR} 28. Kf2 Kf7 29. Re1 Ra2 30. Ke3 Rxb2 31. Kd2 {[#] Strongly threatening Ra1.} Ra2 32. Re5 Kf6 33. Re8 b6 34. Rf8+ Kg6 35. Rg8+ Kf6 36. Rc8 Ra7 37. d4 c5 38. d5 Ke7 39. Rh8 Kd6 40. Rxh7 (40. Rd8+ $11 Ke7 41. Rc8) 40... Ra8 (40... Kxd5 $17 {With the idea ...Ke4.} 41. Ke3 c4 42. bxc4+ bxc4 43. Rd7+ Ke6) 41. Rh5 {The position is equal.} Rg8 42. Rxf5 Rg2+ 43. Kd3 Rxh2 44. Rf6+ Kd7 45. Rf7+ Kd6 46. Rf6+ Kd7 47. Rg6 Rf2 48. Rg7+ Kd6 49. Rg6+ Kd7 50. Ke4 {Precision: White = 77%, Black = 62%.} 1/2-1/2